Informe del desarrollo del proyecto pruebas diagnósticas /
| Kaituhi matua: | |
|---|---|
| Hōputu: | Pukapuka |
| Reo: | Pāniora |
| I whakaputaina: |
San José, Costa Rica : IIMEC,
1994
|
| Ngā marau: |
MARC
| LEADER | 00000nam a2200000Ia 4500 | ||
|---|---|---|---|
| 008 | 180705b1994 cr ||||| |||| 00| | spa d | ||
| 999 | |c 2281 |d 2281 | ||
| 090 | |a 18.09.00 |b 42 | ||
| 100 | 1 | |a Esquivel Alfaro, Juan Manuel |9 157 | |
| 245 | 1 | 0 | |a Informe del desarrollo del proyecto pruebas diagnósticas / |c Juan Manuel Esquivel |
| 260 | |a San José, Costa Rica : |a IIMEC, |c 1994 | ||
| 300 | |a 23 páginas | ||
| 650 | 1 | 4 | |a PRUEBAS |9 629 |
| 650 | 1 | 4 | |a PROYECTO PILOTO |9 3932 |
| 650 | 1 | 4 | |a EDUCACIÓN |9 1 |
| 650 | 1 | 4 | |a DIAGNÓSTICO |9 632 |
| 942 | |i 00515 |h 18.09.00 42 |2 z |c 04 | ||
